000 00616nam a22001575i 4500
001 164306
003 ES-MaACL
005 20230906212918.0
008 960606s1871 fr a |||| | fre d
040 _aCYL
_bspa
_cCYL
100 1 _aSaint-Edme, Ernest.
_9132281
245 1 2 _aL'electricite apliquée aux arts mécaniques, a la marine, au théatre /
_cpar Ernest Saint-Edme.
260 _aParis :
_bGauthier-Villars,
_c1871.
300 _aXI, 234 p. :
_bil. ;
_c21 cm.
852 _aES-MaACL
_zT-675-F-1
_z-- Enc. hol., conservando la cub. original
_z-- Enc. en un vol. facticio
_x-- Edic.: añadir T650 Electricidad
999 _c164306
_d164306